| 000 | 00543nam a2200193Ia 4500 | ||
|---|---|---|---|
| 003 | OSt | ||
| 005 | 20200727101019.0 | ||
| 008 | 190216s9999||||xx |||||||||||||| ||und|| | ||
| 020 | _a9788126518692 | ||
| 040 | _coclc | ||
| 082 |
_a512.5 _bANT/E |
||
| 100 |
_aAnton, Howard _93753 |
||
| 245 | 0 |
_aElementary Linear Algebra / _cHoward Anton ; Chris Rorres |
|
| 250 | _a9th Ed. | ||
| 260 |
_bWiley India, _c2008. _aNew Delhi: |
||
| 300 | _a832p | ||
| 650 | _aMathematics | ||
| 942 |
_cBK _2ddc _h512.5 _iANT/E _k512.5 _mANT/E |
||
| 999 |
_c32266 _d32266 |
||